书目信息 |
| 题名: |
测震学原理与方法
|
|
| 作者: | ;中国地震局 编 | |
| 分册: | ||
| 出版信息: | 北京 地震出版社 2017.02 |
|
| 页数: | 476页 | |
| 开本: | 26cm | |
| 丛书名: | ||
| 单 册: | ||
| 中图分类: | P315.6 | |
| 科图分类: | ||
| 主题词: | 测震学--教材 | |
| 电子资源: | ||
| ISBN: | 978-7-5028-4725-8 | |
| 000 | 00967nam0 2200229 450 | |
| 001 | 987 | |
| 005 | 20180927091610.26 | |
| 010 | @a978-7-5028-4725-8@dCNY80.00 | |
| 100 | @a20170524d2017 em y0chiy50 ea | |
| 101 | 0 | @achi |
| 102 | @aCN@b110000 | |
| 105 | @aa z 000yy | |
| 200 | 1 | @a测震学原理与方法@9ce zhen xue yuan li yu fang fa@f中国地震局监测预报司编 |
| 210 | @a北京@c地震出版社@d2017.02 | |
| 215 | @a476页@c图@d26cm | |
| 300 | @a中国地震局监测预报专业重点教材 | |
| 330 | @a本书是按照中国地震局监测预报司的总体要求和统一部署,由刘瑞丰、杨大克、何少林、孟晓春、赵仲和、高景春、黄志斌、薛兵等在对测震原理、技术和方法进行系统总结的基础上集体编著的一本专门讲述测震学的教材,书中主要介绍了地震观测基础知识、测震仪器基本原理、测震台站及台网建设、观测资料分析处理及解释应用等内容。 | |
| 606 | 0 | @a测震学@j教材 |
| 690 | @aP315.6@v5 | |
| 711 | 02 | @a中国地震局@9zhong guo di zhen ju@b监测预报司@4编 |
| 801 | 0 | @aCN@b91MARC@c20170524 |
| 905 | @aMuseLib@dP315.6@e128 | |
| 测震学原理与方法/中国地震局监测预报司编.-北京:地震出版社,2017.02 |
| 476页:图;26cm |
| 中国地震局监测预报专业重点教材 |
| ISBN 978-7-5028-4725-8:CNY80.00 |
| 本书是按照中国地震局监测预报司的总体要求和统一部署,由刘瑞丰、杨大克、何少林、孟晓春、赵仲和、高景春、黄志斌、薛兵等在对测震原理、技术和方法进行系统总结的基础上集体编著的一本专门讲述测震学的教材,书中主要介绍了地震观测基础知识、测震仪器基本原理、测震台站及台网建设、观测资料分析处理及解释应用等内容。 |
| ● |
| 相关链接 |
|
|
|
|
正题名:测震学原理与方法
索取号:P315.6/128
 
预约/预借
| 序号 | 登录号 | 条形码 | 馆藏地/架位号 | 状态 | 备注 |
| 1 | 1120624 | 211206247 | 第二样本阅览室/ [索取号:P315.6/128] | 在馆 | |
| 2 | 1120625 | 211206256 | 第三借阅区/ [索取号:P315.6/128] | 在馆 | |
| 3 | 1120626 | 211206265 | 密集书库-物理学院/ [索取号:P315.6/128] | 在馆 | |
| 4 | 1120627 | 211206274 | 第三借阅区/ [索取号:P315.6/128] | 在馆 | |
| 5 | 1120628 | 211206283 | 第三借阅区/ [索取号:P315.6/128] | 在馆 |